00821nam a2200241Ia 4500001000600000003000900006008004100015040001300056040001300069041001300082100002100095100002900116245003000145245006400175250001100239260001200250260001000262260004900272300005900321500014800380650002000528650003100548H6360IT-RoPAU130308s9999 xx 000 0 und d aIT-RoPAU cIT-RoPAU aITALIANO aAgostini Roberto gCodice Aut. SPICS: 10059 aStudiare la popular music bDal Blues al Liscio - Studi sull'esperienza Musicale Comune a1a ed. a VERONA bIANUA c1992 [1° Ed.:1992 - Ed.Ling.Originale:1992] a"23 p. (prefazione: no ; testo: 23 [pagine: 167-189])" a"Cos'E' la popular Music. Punti di Vista: Blacking; Marothy, Shepherd; Middleton; Tagg; Stefani. Verso un Nuovo Paradigma. Note. Bibliografia." aGENERI MUSICALI eCodice materia Spics: 7010